000 00778nam a22002057a 4500
999 _c10551
_d10551
003 AR-CdUCM
008 190401b ||||| |||| 00| 0 spa d
040 _aMUNICIPALIDAD PROVINCIAL DEL CUSCO
_cBIBLIOTECA MUNICIPAL DEL CUSCO
082 _a340.7 /
_bM77 / 1964
100 _aMontoya Manfredi, Ulises
_927490
245 _aPrograma de derecho comercial :
_bsegundo curso /
260 _aLima :
_bUniversidad Nacional Mayor de San Marcos,
_c1964.
300 _a16 páginas ;
_c20 cm.
505 _aContenido: Sociedad de comercio -- Derecho marítimo mercantil -- De la prescripción mercantil.
650 _aDerecho comercial
_95195
650 _aDerecho financiero
_927491
710 _aUniversidad Nacional Mayor de San Marcos
_95627
942 _2ddc
_cLIBROS
945 _aacv